LEADER 02734nam 22005052 450 001 9910796301703321 005 20190805092540.0 010 $a1-909821-09-8 035 $a(CKB)3830000000059421 035 $a(UkCbUP)CR9781909821095 035 $a(Au-PeEL)EBL5509402 035 $a(OCoLC)1053817538 035 $a(MiAaPQ)EBC5509402 035 $a(EXLCZ)993830000000059421 100 $a20190507e20142008 uy| 0 101 0 $aeng 135 $aur||||||||||| 181 $ctxt$2rdacontent 182 $cc$2rdamedia 183 $acr$2rdacarrier 200 14$aThe Hasidic tale /$fGedalyah Nigal ; translated by Edward Levin$b[electronic resource] 205 $aElectronic form. 210 1$aLiverpool :$cLiverpool University Press,$d2014. 215 $a1 online resource (viii, 383 pages) $cdigital, PDF file(s) 225 1 $aLittman library of Jewish civilization 300 $aOriginally published in 2008. 300 $aTitle from publisher's bibliographic system (viewed on 05 Jul 2019). 311 $a1-906764-41-7 311 $a1-904113-07-9 320 $aIncludes bibliographical references and index. 327 $aThe Hasidic tale as perceived by Hasidim -- The tsadik, his followers, and his opponents -- Matchmaking and marriages -- The blessing of children: birth and offspring -- Agunot -- A life of sin -- Illness and physicians -- The dead, burial, and the world to come -- Transmigration of the soul and dybbuks -- The powers of evil and the war against them -- Apostasy and apostates -- Ritual slaughterers -- The Tamim: the simple person -- Hidden tsadikim -- Hospitality -- The prophet Elijah -- The Ba'al Shem Tov's unsuccessful pilgrimage to the land of Israel. 330 $aStory-telling has been an integral part of the hasidic movement from its inception. Stories about the hasidic leaders and their mystical powers attracted followers and maintained their devotion, and still do so today. This important work, based on analysis of all the published anthologies of such stories, presents them by theme and traces their origins. Originally published in Hebrew and expanded for this edition, it makes a fascinating contribution to the history of hasidism, of Hebrew literature, and of Jewish popular culture. 410 0$aLittman library of Jewish civilization (Series) 606 $aHasidim$vLegends$xThemes, motives 606 $aHasidic parables$xThemes, motives 615 0$aHasidim$xThemes, motives. 615 0$aHasidic parables$xThemes, motives. 676 $a296.8/332 700 $aNigal$b Gedalyah$01569096 801 0$bUkCbUP 801 1$bUkCbUP 906 $aBOOK 912 $a9910796301703321 996 $aThe Hasidic tale$93841697 997 $aUNINA LEADER 02957nam 2200565Ia 450 001 9910971909803321 005 20251117063408.0 010 $a1-60876-317-X 035 $a(CKB)1000000000787419 035 $a(EBL)3018476 035 $a(SSID)ssj0000112110 035 $a(PQKBManifestationID)11124930 035 $a(PQKBTitleCode)TC0000112110 035 $a(PQKBWorkID)10086453 035 $a(PQKB)11725449 035 $a(MiAaPQ)EBC3018476 035 $a(Au-PeEL)EBL3018476 035 $a(CaPaEBR)ebr10660337 035 $a(OCoLC)923658592 035 $a(BIP)22735118 035 $a(EXLCZ)991000000000787419 100 $a20080620d2008 uy 0 101 0 $aeng 135 $aur|n|---||||| 181 $ctxt 182 $cc 183 $acr 200 00$aBiomarkers for early diagnosis of Alzheimer's disease /$fDaniela Galimberti and Elio Scarpani, editors 205 $a1st ed. 210 $aNew York $cNova Biomedical Books$dc2008 215 $a1 online resource (317 p.) 300 $aDescription based upon print version of record. 311 08$a1-60456-991-3 320 $aIncludes bibliographical references and index. 327 $aCognitive impairment / I. Guidi and D. Galimberti -- "Cogmarkers" for the diagnosis of dementia of the Alzheimer's type / A. Monti, B. Poletti, S. Zago -- The role of neuroimaging in the early diagnosis of Alzheimer's disease / V. Garibotto, D. Perani -- Cerebrospinal fluid biomarkers for Alzheimer's disease / E. Venturelli, C. Villa, E. Scarpini -- Alzheimer's disease biomarkers : from concept to clinical utility / H. Vanderstichele ... [et al.] -- The CSF analysis in dementia (video included) / A. Petzold -- Inflammation related factors : role in Alzheimer's disease and use as biomarkers / R. Veerhuis ... [et al.] -- The leukocyte expression of CD36 and other biomarkers : risk indicators of Alzheimer's disease / A.E. Rigamonti ... [et al.] -- The Role of oxidative Stress and vasoactive substances in the pathophysiology of Alzheimer's disease / G. Aliev ... [et al.] -- Role of apolipoprotein E in neurodegeneration / C. Lovati. 330 $aAlzheimer's disease (AD) is characterized by the deposition into the brain of amyloid peptide, which originates a cascade of inflammatory events leading eventually to neuronal death. This book gives information about MCI as prodromal Alzheimer's disease (AD), and discusses the main known pathological mechanisms at the basis of AD. 606 $aAlzheimer's disease$xDiagnosis 606 $aBiochemical markers 615 0$aAlzheimer's disease$xDiagnosis. 615 0$aBiochemical markers. 676 $a616.8/31075 701 $aGalimberti$b Daniela$01865099 701 $aScarpani$b Elio$01865100 801 0$bMiAaPQ 801 1$bMiAaPQ 801 2$bMiAaPQ 906 $aBOOK 912 $a9910971909803321 996 $aBiomarkers for early diagnosis of Alzheimer's disease$94472130 997 $aUNINA